000 00623nam a2200181Ia 4500
008 151018s9999 xx 000 0 und d
082 _bRBASDV17352
_a891.464
100 _aगजानन जागीरदार
245 _aअभिनय कसा करावा
250 _b1
260 _bइंडिया बुक कंपनी
_c1983
300 _a138
600 _aगजानन जागीरदार
630 _aअभिनय कसा करावा
700 _aगजानन जागीरदार
730 _aअभिनय कसा करावा
942 _cBOOK
999 _c1018034
_d1018031